[Event "Nis Open 2013"]
[Site "Nis SRB"]
[Date "2013.03.23"]
[Round "4.3"]
[White "Miljkovic,Mir1"]
[Black "Ristic,Neb2"]
[Result "1/2-1/2"]
[WhiteElo "2466"]
[BlackElo "2309"]

1.d4 Nf6 2.c4 e6 3.g3 d5 4.Nf3 Be7 5.Bg2 O-O 6.O-O Nc6 7.Ne5 dxc4 8.Bxc6 bxc6
9.Nxc6 Qe8 10.Nxe7+ Qxe7 11.Qa4 c5 12.Qa3 Bb7 13.Qxc5 Qxc5 14.dxc5 Rfc8 15.Be3 Ne4
16.Rd1 Nxc5 17.Bxc5 Rxc5 18.Nc3 Bc6 19.Rd2 Kf8 20.f3 Ke7 21.Rc1 Rc8 22.Kf2 e5
23.Nd1 Bd5 24.Rc3 Be6 25.Ra3 a5 26.Ne3 f5 27.f4 Rb8 28.Nd1 h6 29.Re3 e4 30.Rc3 Rcb5
31.Rcc2 g5 32.Ne3 gxf4 33.gxf4 R8b7 34.Nxc4 Bxc4 35.Rxc4 Rxb2 36.Rd5 R7b5
37.Rcc5 Rxc5 38.Rxc5 Rxa2 39.Rxf5 Ra3 40.e3 Kd6 41.Re5 Ra4 42.Kg3 Rb4 43.Rxa5 Rb3
44.Kg4 Rxe3 45.Ra6+ Ke7 46.Rxh6 Ra3 47.Rh5 Kf6 48.Rf5+ Kg6 49.h4 Ra1 50.h5+ Kg7
51.Re5 Re1 52.Kg5 e3 53.h6+ Kf7 54.Rf5+ Kg8 55.Re5 e2 56.Kf5 Kf7 57.h7 Kg7
58.Re7+ Kh8 59.Kf6 Rf1 60.Rxe2 Rxf4+  1/2-1/2

[Event "44th Marcel Duchamp"]
[Site "Buenos Aires ARG"]
[Date "2013.03.24"]
[Round "2.38"]
[White "Toniutti,E"]
[Black "Parma,P"]
[Result "1-0"]
[WhiteElo "2193"]
[BlackElo "1892"]

1.d4 d5 2.c4 e6 3.Nf3 Nf6 4.g3 Be7 5.Bg2 O-O 6.O-O c6 7.Nc3 Nbd7 8.Nd2 Re8
9.e4 dxe4 10.Ndxe4 Nxe4 11.Nxe4 Nf6 12.Nc3 Rb8 13.Be3 Bd6 14.Re1 Bd7 15.Qd2 Qa5
16.Bg5 Be7 17.Nd5 Qxd2 18.Nxe7+ Rxe7 19.Bxd2 Be8 20.d5 cxd5 21.cxd5 Rd7 22.Bf4 Rbd8
23.dxe6 fxe6 24.Rxe6 Bf7 25.Ree1 h6 26.a3 b6 27.Rac1 Nd5 28.Be5 a5 29.f4 Ra7
30.Red1 Rdd7 31.Rc8+  1-0

[Event "TCh-CZE Extraliga 2012-13"]
[Site "Czech Republic CZE"]
[Date "2013.03.24"]
[Round "8.1"]
[White "Miton,K"]
[Black "Ponomariov,R"]
[Result "1/2-1/2"]
[WhiteElo "2626"]
[BlackElo "2741"]

1.Nf3 d5 2.d4 Nf6 3.c4 e6 4.g3 Be7 5.Bg2 O-O 6.O-O dxc4 7.Qc2 a6 8.a4 Bd7
9.Qxc4 Bc6 10.Bg5 Nbd7 11.Nc3 h6 12.Bxf6 Nxf6 13.Rfe1 Bd5 14.Qd3 Bxf3 15.Bxf3 c6
16.Qc4 Qa5 17.Reb1 Nd5  1/2-1/2

[Event "Norwegian Open 2013"]
[Site "Fagernes NOR"]
[Date "2013.03.24"]
[Round "2"]
[White "Frisk,E"]
[Black "Urkedal,F"]
[Result "1/2-1/2"]
[WhiteElo "2193"]
[BlackElo "2470"]

1.d4 Nf6 2.c4 e6 3.g3 d5 4.Nf3 Be7 5.Bg2 O-O 6.O-O dxc4 7.Qa4 a6 8.Qxc4 b5
9.Qc2 Bb7 10.Bd2 Ra7 11.Rd1 Be4 12.Qc1 Bb7 13.Qc2 Nc6 14.a3 Qa8 15.Bc3 Rd8
16.Ne1 Nd5 17.e3 b4 18.axb4 Ncxb4 19.Qc1 c5 20.dxc5 Nxc3 21.Nxc3 Bxg2 22.Nxg2 Bxc5
23.Rxd8+ Qxd8 24.Qf1 Rd7 25.Rd1 e5 26.Rxd7 Qxd7 27.Qd1 Qxd1+ 28.Nxd1 f5 29.Kf1 Kf7
30.Ke2 Ke6 31.Nc3 Nd5 32.Na4 Ba7 33.Ne1 e4 34.Nc2 Ke5 35.h4 h6 36.Kd2 g5
37.hxg5 hxg5 38.Nc3 Nb6 39.Nb4 Nc4+ 40.Ke2 Ke6 41.Nxa6 Nxb2  1/2-1/2

[Event "TCh-AUT 2012-13"]
[Site "St.Veit AUT"]
[Date "2013.03.24"]
[Round "11.3"]
[White "Horvath,Cs1"]
[Black "Szabo,G ROM"]
[Result "1/2-1/2"]
[WhiteElo "2514"]
[BlackElo "2541"]

1.d4 Nf6 2.c4 e6 3.Nf3 d5 4.g3 Be7 5.Bg2 O-O 6.O-O dxc4 7.Qc2 a6 8.Qxc4 b5
9.Qc2 Bb7 10.Bg5 Nbd7 11.Bxf6 Nxf6 12.Nbd2 Rc8 13.Nb3 Be4 14.Qc3 Qd5 15.Rfc1 Rfd8
16.Qa5 Qb7 17.Nc5 Bxc5 18.Rxc5 Qb6 19.Qxb6 cxb6 20.Rcc1 Kf8 21.e3 a5 22.Ne5 Bxg2
23.Kxg2 Ke8 24.Kf3 Nd5 25.a3 f6 26.Nd3 Rc4 27.b3 Rcc8 28.Nf4 Ke7 29.Nxd5+ exd5
30.Ke2 Kd6  1/2-1/2

[Event "6th Montalvo Open"]
[Site "Las Palmas ESP"]
[Date "2013.03.25"]
[Round "1.1"]
[White "Kurajica,B"]
[Black "Rodriguez Manzaneda,I"]
[Result "1-0"]
[WhiteElo "2539"]
[BlackElo "1720"]

1.d4 d5 2.c4 e6 3.Nf3 Nf6 4.g3 Be7 5.Bg2 O-O 6.O-O c6 7.Nc3 Nbd7 8.Nd2 Nb6
9.b3 Re8 10.e4 dxe4 11.Ndxe4 Nbd7 12.Bb2 Nxe4 13.Nxe4 Nf6 14.Ng5 Bd6 15.Re1 Qc7
16.Qc2 Bd7 17.Rad1 h6 18.Nf3 Rad8 19.Bc3 b5 20.Qd2 Rb8 21.d5 cxd5 22.Bxf6 gxf6
23.Qxh6 Bf8 24.Qxf6 Bg7 25.Qh4 bxc4 26.bxc4 dxc4 27.Ng5 Rb2 28.Ne4 Bc6 29.Nf6+ Bxf6
30.Qxf6 Rxa2 31.Rd4 Bxg2 32.Rh4  1-0

[Event "44th Marcel Duchamp"]
[Site "Buenos Aires ARG"]
[Date "2013.03.26"]
[Round "5.18"]
[White "Amura,C"]
[Black "Fidel,R"]
[Result "1/2-1/2"]
[WhiteElo "2312"]
[BlackElo "2143"]

1.d4 e6 2.Nf3 Nf6 3.g3 d5 4.Bg2 Be7 5.c4 O-O 6.O-O dxc4 7.Ne5 Nc6 8.Nxc6 bxc6
9.Na3 Bxa3 10.bxa3 Ba6 11.Bxc6 Rb8 12.Qa4 Rb6 13.Bd2 c3 14.Bxc3 Bxe2 15.Rfe1 Ra6
16.Qb3 Rxc6 17.Rxe2 Qd5 18.Bb4 Rb8 19.Qxd5 Nxd5 20.Bc5 Ra6 21.Rc1 Ra4 22.Kg2 h6
23.h4 h5  1/2-1/2

[Event "ch-Moscow 2013"]
[Site "Moscow RUS"]
[Date "2013.03.26"]
[Round "5.6"]
[White "Nikolenko,O"]
[Black "Geivondian,Arman"]
[Result "1-0"]
[WhiteElo "2526"]
[BlackElo "2222"]

1.Nf3 Nf6 2.g3 d5 3.Bg2 e6 4.c4 Be7 5.d4 O-O 6.Qc2 dxc4 7.Qxc4 a6 8.Bf4 Nd5
9.Nc3 Nxf4 10.gxf4 Bd7 11.Ne5 Bb5 12.Nxb5 axb5 13.Qxb5 Qxd4 14.O-O Qxf4 15.e3 Qf5
16.Qxb7 Ra5 17.f4 Bc5 18.Qxc7 Bxe3+ 19.Kh1 Ra4 20.Nc4 Bd4 21.Rfd1 Ra7 22.Qd6 Rd7
23.Qb4 Qxf4 24.Nb6 Rdd8 25.Nd5 exd5 26.Qxd4 Qg5 27.Rac1 Nd7 28.Qxd5 Ne5 29.Qc5 Qf6
30.Rxd8 Rxd8 31.Rf1 Qe6 32.a4 f6 33.a5 Nd3 34.Qc6 Qe3 35.Qf3 Qa7 36.b4 Kh8
37.Qf5 Kg8 38.Bd5+ Kf8 39.Qxd3  1-0

[Event "Nis Open 2013"]
[Site "Nis SRB"]
[Date "2013.03.26"]
[Round "7.6"]
[White "Ilic,Zo1"]
[Black "Mitrovic,Da1"]
[Result "1/2-1/2"]
[WhiteElo "2293"]
[BlackElo "2259"]

1.d4 Nf6 2.c4 e6 3.g3 d5 4.Nf3 Be7 5.Bg2 O-O 6.O-O c6 7.Qc2 Nbd7 8.Rd1 b6
9.b3 Bb7 10.Nc3 Rc8 11.e4 dxe4 12.Nxe4 c5 13.Nxf6+ Bxf6 14.Ng5 Bxg5 15.Bxb7 Rc7
16.dxc5 bxc5 17.Bg2 Bxc1 18.Raxc1 Qe7 19.Rd2 Nb6 20.Rcd1 g6 21.h4 h5 22.Qc3 Rd7
23.Rxd7 Nxd7 24.a3 Rb8 25.Rb1 Nb6 26.Rd1 Rd8 27.Rxd8+ Qxd8 28.b4 Qc7 29.b5 Qd6
30.Bf3 Kf8 31.Kg2 Ke7 32.Bc6 Qd1 33.Qe5 Qd6 34.Qc3 Qd1 35.Qe5 Qd6 36.Qc3 Qd1
37.Qe5 Qd6  1/2-1/2

[Event "36th San Sebastian Open"]
[Site "Donostia ESP"]
[Date "2013.03.27"]
[Round "6.11"]
[White "Panelo,M"]
[Black "Arana Garate,J"]
[Result "1-0"]
[WhiteElo "2429"]
[BlackElo "1857"]

1.d4 d5 2.c4 e6 3.Nf3 Nf6 4.g3 Be7 5.Bg2 O-O 6.O-O Ne4 7.Qc2 Nd7 8.Nc3 Nxc3
9.bxc3 Nb6 10.c5 Nc4 11.Nd2 Nxd2 12.Bxd2 f5 13.c4 c6 14.Bf4 g5 15.Be5 Bf6
16.Rad1 Bxe5 17.dxe5 Qe7 18.Qc1 Bd7 19.Qe3 Rad8 20.f4 h6 21.fxg5 Qxg5 22.Rf4 Rf7
23.Rdd4 Rg7 24.Qa3 Be8 25.Kf2 a6 26.Qe3 Qe7 27.Rh4 h5 28.Bf3 Rg5 29.Rd2 Rd7
30.Rb2 Qd8 31.cxd5 cxd5 32.Rhb4 Rgg7 33.c6 bxc6 34.Rb8 Qe7 35.Bxh5 f4 36.Qxf4 Rd8
37.Rxd8 Qxd8 38.Bxe8 Qxe8 39.Kg2 Qh5 40.Rb8+ Kh7 41.Qe3 Qf5 42.Rc8 Rf7 43.Qd3 Kg7
44.Qxf5 Rxf5 45.Rxc6 Rxe5 46.Kf2 a5 47.Rc5 a4 48.Rc3 Rh5 49.h4 Rh8 50.Rc7+ Kf6
51.Ra7 Rb8 52.Rxa4 Rb2 53.Kf3 Rc2 54.Rf4+ Ke5 55.a4 Rc3+ 56.e3 Kd6 57.h5 e5
58.Rh4 d4 59.h6 Rxe3+ 60.Kf2 Ra3 61.h7 Kd5  1-0

[Event "6th Montalvo Open"]
[Site "Las Palmas ESP"]
[Date "2013.03.28"]
[Round "5.7"]
[White "Brito Garcia,A"]
[Black "Gonzalez Intelangelo,G"]
[Result "0-1"]
[WhiteElo "2313"]
[BlackElo "2022"]

1.d4 Nf6 2.c4 e6 3.g3 d5 4.Bg2 Be7 5.Nf3 O-O 6.O-O b6 7.Qc2 Bb7 8.Rd1 c6
9.Nc3 Nbd7 10.b3 Rc8 11.e4 dxe4 12.Nxe4 c5 13.Nxf6+ Bxf6 14.Ng5 Bxg5 15.Bxb7 Rc7
16.Bg2 Bxc1 17.Raxc1 cxd4 18.Rxd4 Qe7 19.Rcd1 Nf6 20.Qd2 h6 21.Rd3 Rcc8 22.h3 Qc5
23.Qf4 Rfe8 24.Qd6 Qxd6 25.Rxd6 Rc7 26.Kf1 Kf8 27.Ke2 Ke7 28.R6d2 Rec8 29.Ke3 Rc5
30.Bf1 Re5+ 31.Kf3 Rf5+ 32.Kg2 Ra5 33.f3 Rc7 34.Kf2 Rd7 35.Rxd7+ Nxd7 36.Rd2 Ra3
37.Bd3 Nc5 38.Ke2 Na6 39.Bb1 Nb4 40.Kd1 Ra5 41.Re2 Kf6 42.Rb2 g5 43.Kd2 Nc6
44.Be4 Nd4 45.Kd3 e5 46.Kc3 h5 47.f4 gxf4 48.gxf4 Ne6 49.fxe5+ Rxe5 50.Rf2+ Kg5
51.Bd5 f5 52.b4 Re3+ 53.Kd2 f4 54.Rg2+ Kh4 55.Rg6 Ng5 56.Rg7 Ra3 57.c5 bxc5
58.bxc5 Ra5 59.Rc7 Kxh3 60.Kc3 f3 61.Bc4 Ne4+ 62.Kb4 Rxc5 63.Bf1+ Kh2 64.Rxc5 Nxc5
65.Kxc5 Kg1 66.Bh3 f2 67.a4 h4 68.a5 f1=Q 69.Bxf1 Kxf1 70.a6 h3 71.Kc6 h2
72.Kb7 h1=Q+ 73.Kxa7 Qc6  0-1

[Event "7th Philadelphia Open"]
[Site "Philadelphia USA"]
[Date "2013.03.28"]
[Round "2"]
[White "King,Alexander B"]
[Black "Helfst,Matt D"]
[Result "1-0"]
[WhiteElo "2244"]
[BlackElo "1933"]

1.d4 d5 2.c4 e6 3.Nf3 Be7 4.g3 Nf6 5.Bg2 O-O 6.O-O c6 7.Qc2 Nbd7 8.Nbd2 b6
9.Rd1 Bb7 10.e4 Rc8 11.e5 Ne8 12.cxd5 cxd5 13.Qd3 Nc7 14.Nf1 Ba6 15.Qe3 b5
16.h4 Nb6 17.h5 b4 18.h6 g6 19.N1h2 Nb5 20.Ng4 Nd7 21.Bd2 Nb6 22.Qb3 Nc7
23.Bxb4 Bc4 24.Qa3 Bxb4 25.Qxb4 Be2 26.Nf6+ Kh8 27.Ng5 Bxd1 28.Rxd1 a5 29.Qxb6  1-0

[Event "7th Philadelphia Open"]
[Site "Philadelphia USA"]
[Date "2013.03.28"]
[Round "2"]
[White "Checa,Nicolas D"]
[Black "Wu,Christopher"]
[Result "0-1"]
[WhiteElo "2032"]
[BlackElo "2244"]

1.d4 Nf6 2.c4 e6 3.Nf3 d5 4.g3 Be7 5.Bg2 O-O 6.O-O b6 7.Nc3 Bb7 8.Ne5 Nbd7
9.Bf4 a6 10.Rc1 Rc8 11.a3 c5 12.Nxd7 Qxd7 13.dxc5 bxc5 14.Qd3 d4 15.Ne4 Nxe4
16.Bxe4 Bxe4 17.Qxe4 Bd6 18.Bxd6 Qxd6 19.Rfd1 f5 20.Qd3 e5 21.e4 f4 22.f3 a5
23.g4 h5 24.gxh5 Qh6 25.b3 Qxh5 26.Rc2 Rf6 27.Rg2 Rcc6 28.Rf1 Rg6 29.Qd2 Rxg2+
30.Kxg2 Qg5+ 31.Kh1 Rg6 32.Qf2 Rb6 33.Rg1 Qe7 34.Qa2 Qb7 35.b4 axb4 36.axb4 Rxb4
37.Qa5 Qe7 38.Qa8+ Kh7 39.Qc8 Rb6 40.Qh3+ Kg8 41.Qc8+ Qf8 42.Qc7 Re6 43.Qd7 Qe7
44.Qc8+ Kh7 45.Rg5 Qxg5 46.Qxe6 Qh5 47.Qd5 Qxf3+ 48.Kg1 Qe3+ 49.Kh1 f3 50.h4 f2
51.Qf7 Qh3+  0-1

[Event "Easter Open 2013"]
[Site "Oberhausen GER"]
[Date "2013.03.30"]
[Round "4.3"]
[White "Schmuecker,Ma"]
[Black "Hausrath,D"]
[Result "0-1"]
[WhiteElo "2213"]
[BlackElo "2488"]

1.Nf3 Nf6 2.c4 e6 3.g3 d5 4.d4 Be7 5.Bg2 O-O 6.O-O dxc4 7.Ne5 Nc6 8.Bxc6 bxc6
9.Nxc6 Qe8 10.Nxe7+ Qxe7 11.Qc2 e5 12.dxe5 Qxe5 13.Bf4 Qe6 14.Nc3 Bb7 15.Rfd1 h6
16.f3 g5 17.Bxc7 Rac8 18.Ba5 Rfe8 19.Qd2 Rc5 20.Bd8 Nd5 21.Ne4 Rc8 22.Ba5 f5
23.Nxg5 hxg5 24.Qxg5+ Kf7 25.e4 Nf6 26.Bc3 Rg8 27.Qxf6+ Qxf6 28.Bxf6 Kxf6
29.Rd7 Rg7 30.Rad1 Rxd7 31.Rxd7 Bc6 32.Rxa7 fxe4 33.fxe4 Ke5 34.Re7+ Kd4
35.e5 Rb8 36.Rc7 Bd5 37.b3 c3 38.g4 Ra8 39.Kf2 Rxa2+ 40.Kg3 c2  0-1

[Event "7th Philadelphia Open"]
[Site "Philadelphia USA"]
[Date "2013.03.30"]
[Round "7"]
[White "Vigorito,D"]
[Black "Song,Michael"]
[Result "1-0"]
[WhiteElo "2437"]
[BlackElo "2189"]

1.Nf3 Nf6 2.c4 e6 3.g3 d5 4.d4 Be7 5.Bg2 O-O 6.O-O c5 7.cxd5 exd5 8.Nc3 Nc6
9.Bg5 c4 10.Ne5 Be6 11.Nxc6 bxc6 12.b3 h6 13.Bxf6 Bxf6 14.Rc1 cxb3 15.axb3 Qb6
16.e3 Rab8 17.Na4 Qxb3 18.Rxc6 Qxd1 19.Rxd1 Rfc8 20.Ra6 Rc7 21.Ra5 Rb4 22.Nc5 Rc4
23.Nd3 Bg4 24.Re1 Rc2 25.Bxd5 Rd2 26.Nc5 Be7 27.Be4 Bxc5 28.dxc5 Be6 29.c6 Ra2
30.Rxa2 Bxa2 31.Ra1 Be6 32.Rb1 Rc8 33.Rb7 f5 34.Bf3 Bf7 35.Rxa7 Be8 36.c7 Kf8
37.Be2  1-0

[Event "VII New Open"]
[Site "Lugano SUI"]
[Date "2013.03.31"]
[Round "5.2"]
[White "Maksimenko,An"]
[Black "Pavlovic,Milos"]
[Result "1/2-1/2"]
[WhiteElo "2543"]
[BlackElo "2509"]

1.d4 Nf6 2.c4 e6 3.g3 d5 4.Nf3 Be7 5.Bg2 O-O 6.O-O dxc4 7.Qc2 a6 8.Qxc4 b5
9.Qc2 Bb7 10.Bd2 Be4 11.Qc1 Bb7 12.Qc2 Be4 13.Qc1 Bb7 14.Bg5  1/2-1/2

[Event "1st Hofheim Open"]
[Site "Hofheim GER"]
[Date "2013.04.03"]
[Round "2.7"]
[White "Pogan,N"]
[Black "Krivonosov,O"]
[Result "1/2-1/2"]
[WhiteElo "2227"]
[BlackElo "2457"]

1.c4 e6 2.Nf3 d5 3.d4 Nf6 4.g3 Be7 5.Bg2 O-O 6.O-O dxc4 7.Qc2 a6 8.Qxc4 b5
9.Qc2 Bb7 10.Bd2 Be4 11.Qc1 Qc8 12.Bg5 c5 13.dxc5 Qxc5 14.Qxc5 Bxc5 15.Nbd2 Bb7
16.Rfc1 Bb6 17.a4 Ng4 18.e3 f6 19.a5 Bd8 20.Bf4 Nd7 21.Bd6 Re8 22.h3 Nh6
23.Nd4 Bxg2 24.Kxg2 Nf7 25.Bb4 f5 26.Rc6 Bf6 27.N2f3 Nde5 28.Nxe5 Nxe5 29.Rxe6 Nd3
30.Rxe8+ Rxe8 31.Bc3 b4 32.Bd2 Bxd4 33.exd4 Re2 34.Be3 b3 35.Kf3 Rc2 36.d5 Kf7
37.Rd1 Nxb2 38.Rb1 Ke7 39.Kg2 Kd6 40.Bd4 Nc4 41.Rxb3 g6 42.Rb7 Kxd5 43.Bh8 Nd6
44.Rxh7 Ne4 45.Rd7+ Ke6 46.Ra7 Rxf2+ 47.Kg1 g5 48.Rxa6+ Kd5 49.Rb6 Rf3 50.a6 Rxg3+
51.Kh2 Ra3 52.Rb5+ Nc5 53.Bf6 Ra2+ 54.Kg1 Kc4 55.Rb2 Rxa6 56.Bxg5 Ne4 57.Bf4 Rg6+
58.Kh2 Rg8 59.Rg2 Rh8 60.Ra2 Kd3 61.Rb2 Rh4 62.Bg3 Rh7 63.Bf4 Nf6 64.Kg3 Ne4+
65.Kh2 Nc3 66.Rd2+ Ke4 67.Bg5 Nd5 68.h4 Ne3 69.Ra2 Kf3 70.Bxe3 Rxh4+ 71.Kg1 Kxe3
72.Ra3+ Kf4 73.Kf2 Rh8 74.Ra4+ Kg5 75.Kf3 Rb8 76.Ra3 Rb4 77.Rc3 Rh4 78.Rc8 Rh3+
79.Kg2  1/2-1/2

[Event "1st Hofheim Open"]
[Site "Hofheim GER"]
[Date "2013.04.04"]
[Round "3.2"]
[White "Blechzin,I"]
[Black "Arnaudov,G"]
[Result "1/2-1/2"]
[WhiteElo "2440"]
[BlackElo "2489"]

1.d4 Nf6 2.Nf3 d5 3.c4 e6 4.g3 Be7 5.Bg2 O-O 6.O-O dxc4 7.Ne5 Nc6 8.Nxc6 bxc6
9.Na3 Bxa3 10.bxa3 Nd5 11.Qc2 Ba6 12.a4 c5 13.dxc5 Qf6 14.Bd2 Rab8 15.Qc1 c3
16.Bg5 Qd4 17.Rd1 Qxc5 18.Bxd5 exd5 19.Be3 Qc6 20.Bd4 Bxe2 21.Re1 Rfe8 22.Bxc3 Re7
23.Qd2 Rbe8 24.Rac1 Qe6 25.Bd4 Qh3 26.Qg5 Qg4 27.Qxg4 Bxg4 28.Rxe7 Rxe7  1/2-1/2

[Event "1st Hofheim Open"]
[Site "Hofheim GER"]
[Date "2013.04.04"]
[Round "4.3"]
[White "Arnaudov,G"]
[Black "Schroeder,Ja"]
[Result "1-0"]
[WhiteElo "2489"]
[BlackElo "2285"]

1.d4 d5 2.c4 e6 3.Nf3 Nf6 4.g3 Be7 5.Bg2 O-O 6.O-O dxc4 7.Nc3 Nbd7 8.e4 c6
9.a4 a5 10.Qe2 b6 11.Rd1 Ba6 12.h3 h6 13.Bf4 Re8 14.g4 Bf8 15.g5 hxg5 16.Bxg5 Qc7
17.Bh4 Nh5 18.Ne5 Nxe5 19.Qxh5 Ng6 20.Bg3 e5 21.dxe5 Nxe5 22.f4 Nd3 23.e5 g6
24.Qf3 Bg7 25.Ne4 Qe7 26.Nd6 Red8 27.Qxc6 Rab8 28.Rab1 Nb4 29.Qe4 Nd3 30.Kh2 Nc5
31.Qc6 Bc8 32.Bd5 Be6 33.Bxc4 Bxc4 34.Nxc4 Rdc8 35.Qd5 Nxa4 36.Nd6 Rc2+ 37.Rd2 Qe6
38.Qg2 Rxd2 39.Qxd2 Nc5 40.Rf1 Rf8 41.f5 gxf5 42.Nxf5 Ne4 43.Qg2 Nxg3 44.Qxg3 Qxe5
45.Rg1 Re8 46.Qxe5 Rxe5 47.Rxg7+ Kf8 48.Rg5 f6 49.Rh5 Re2+ 50.Kg3 Rxb2 51.Rh7 a4
52.Ra7 b5 53.h4 Kg8 54.Kg4 Rf2 55.Kh5 Rh2 56.Nd6 Rb2 57.Kg6 Rg2+ 58.Kxf6 Rb2
59.h5 Rf2+ 60.Nf5 Kh8 61.Ra5 Kh7 62.Rxb5 a3 63.Ra5 a2 64.Ra7+ Kh8 65.Kg6 Rg2+
66.Kh6 Kg8 67.Nh4  1-0

[Event "1st Hofheim Open"]
[Site "Hofheim GER"]
[Date "2013.04.04"]
[Round "4.2"]
[White "Krivonosov,O"]
[Black "Rusev,K"]
[Result "1/2-1/2"]
[WhiteElo "2457"]
[BlackElo "2532"]

1.Nf3 d5 2.d4 Nf6 3.c4 e6 4.g3 Be7 5.Bg2 O-O 6.O-O dxc4 7.Qa4 a6 8.Qxc4 b5
9.Qc2 Bb7 10.Bg5 Nbd7 11.Bxf6 Nxf6  1/2-1/2

[Event "e2e4 Gatwick Open 2013"]
[Site "Crawley ENG"]
[Date "2013.04.05"]
[Round "1"]
[White "Lim,Z"]
[Black "Wood,Peter R"]
[Result "1-0"]
[WhiteElo "2164"]
[BlackElo "1960"]

1.d4 e6 2.g3 Nf6 3.Bg2 d5 4.c4 Be7 5.Nf3 O-O 6.O-O dxc4 7.Ne5 Nc6 8.Bxc6 bxc6
9.Nxc6 Qe8 10.Nxe7+ Qxe7 11.Qc2 Qd6 12.Rd1 Rd8 13.Na3 Bb7 14.Nxc4 Qd5 15.f3 Qh5
16.Bf4 Nd5 17.Bd2 Rac8 18.b4 Ne7 19.Be1 g5 20.Ne5 f6 21.Ng4 Kg7 22.Bc3 Qh3
23.e4 Kf7 24.Re1 Qh5 25.Rad1 Qg6 26.Qe2 h5 27.Nf2 h4 28.Ng4 hxg3 29.hxg3 Qh5
30.Kg2 Rh8 31.Rh1 Qg6 32.Rde1 Rcd8 33.a3 Qg7 34.Qc4 c6 35.Qc5 Nc8 36.d5 Qf8
37.Rxh8 Qxc5 38.Rh7+  1-0

[Event "Bundesliga 2012-13"]
[Site "Schwetzingen GER"]
[Date "2013.04.05"]
[Round "13"]
[White "Meins,G"]
[Black "Zumsande,M"]
[Result "1/2-1/2"]
[WhiteElo "2473"]
[BlackElo "2418"]

1.d4 d5 2.c4 e6 3.Nf3 Nf6 4.g3 Be7 5.Bg2 O-O 6.O-O dxc4 7.Ne5 Nc6 8.Bxc6 bxc6
9.Nxc6 Qe8 10.Nxe7+ Qxe7 11.Qc2 c5 12.dxc5 Qxc5 13.Be3 Qc6 14.Nc3 Ng4 15.Qc1 Rd8
16.f3 Bb7 17.h3 Ne5 18.Kh2 a6 19.Qc2 Rd7 20.Rad1 Rad8 21.Rxd7 Rxd7 22.Qa4 f6
23.Kg2 Kf7 24.Qxc6 Bxc6 25.Rd1 Ke8 26.Kf2 Nf7 27.Bc5 e5 28.h4 Nd8 29.Rxd7 Kxd7
30.Ke3 Ne6 31.Bb6 f5 32.Kd2 Kd6 33.Nd1 f4 34.g4 e4 35.fxe4 Bxe4 36.Nc3 Bg2
37.Bf2 Bc6 38.Ba7 g6 39.Bb8+ Kc5 40.Ba7+ Kd6 41.Bb8+ Kc5 42.Be5 h5 43.gxh5 gxh5
44.e3 fxe3+ 45.Kxe3 Be8 46.Ne4+ Kd5 47.Bc3 Bg6 48.Nf6+ Kc6 49.Ne4 Kd5 50.Nf6+ Kc6
51.Ne4  1/2-1/2

[Event "1st Hofheim Open"]
[Site "Hofheim GER"]
[Date "2013.04.06"]
[Round "8.7"]
[White "Hess,C1"]
[Black "Krivonosov,O"]
[Result "0-1"]
[WhiteElo "2253"]
[BlackElo "2457"]

1.Nf3 d5 2.c4 e6 3.g3 Nf6 4.Bg2 Be7 5.d4 O-O 6.Qc2 c5 7.dxc5 Qa5+ 8.Nbd2 Qxc5
9.O-O b5 10.b3 Qb6 11.Bb2 Nbd7 12.e4 b4 13.cxd5  0-1

[Event "e2e4 Gatwick Open 2013"]
[Site "Crawley ENG"]
[Date "2013.04.07"]
[Round "5"]
[White "Stille,A"]
[Black "Helmer,C"]
[Result "1/2-1/2"]
[WhiteElo "2071"]
[BlackElo "2021"]

1.d4 Nf6 2.c4 e6 3.g3 d5 4.Bg2 Be7 5.Nf3 O-O 6.O-O dxc4 7.Ne5 Nc6 8.Bxc6 bxc6
9.Nxc6 Qe8 10.Nxe7+ Qxe7 11.Nd2 Rd8 12.Nxc4 c5 13.Ne5 Bb7 14.Qb3 cxd4 15.Bg5 Bd5
16.Qd3 h6 17.Bf4 Be4 18.Qa6 g5 19.Bd2 Qc5 20.Nd3 Qf5 21.f3 Bxd3 22.Qxd3 Qd5
23.Rfc1 Rdc8  1/2-1/2

[Event "TCh-CZE Div1 Zapad 2012-13"]
[Site "Czech Republic CZE"]
[Date "2013.04.07"]
[Round "10.5"]
[White "Fajman,P"]
[Black "Freisler,P"]
[Result "1-0"]
[WhiteElo "2288"]
[BlackElo "2313"]

1.d4 Nf6 2.c4 e6 3.g3 d5 4.Bg2 Be7 5.Nf3 O-O 6.O-O dxc4 7.Nbd2 c5 8.Nxc4 Nc6
9.dxc5 Bxc5 10.Nfe5 Nxe5 11.Nxe5 Qe7 12.Qb3 Rd8 13.Be3 Bxe3 14.Qxe3 Nd5 15.Qb3 f6
16.Nd3 a5 17.Rfd1 Ra6 18.e4 a4 19.Qc2 Nc7 20.e5 Nd5 21.exf6 Qxf6 22.Qe2 a3
23.Rac1 axb2 24.Nxb2 Bd7 25.Nc4 Nc3 26.Rxc3 Qxc3 27.Bxb7 Ra7 28.Rxd7 Rxd7
29.Qxe6+ Kf8 30.Qxd7 Rxb7 31.Qc8+  1-0

[Event "TCh-CZE Div1 Vychod 2012-13"]
[Site "Czech Republic CZE"]
[Date "2013.04.07"]
[Round "10.4"]
[White "Mudrak,J"]
[Black "Roubalik,J"]
[Result "1/2-1/2"]
[WhiteElo "2323"]
[BlackElo "2333"]

1.d4 Nf6 2.Nf3 e6 3.g3 d5 4.Bg2 Be7 5.c4 O-O 6.O-O dxc4 7.Ne5 Nc6 8.Nxc6 bxc6
9.Nc3 Rb8 10.Qc2 c5 11.dxc5 Bxc5 12.Na4 Bd6 13.Be3 Bb7 14.Bxb7 Rxb7 15.Qxc4 Nd5
16.Bc5 Qe7 17.Rac1 Nb6 18.Nxb6 cxb6 19.Bxd6 Qxd6 20.Rfd1 Qe7 21.Qc6 h6 22.a3 Rfb8
23.b4 a5 24.Rd4 axb4 25.axb4 Ra7 26.Rcd1 Rc7 27.Qb5 Rc2 28.Rd7 Qg5 29.Qd3 Rc1
30.h4 Rxd1+ 31.Qxd1 Qb5 32.Qd2 Ra8 33.Rc7 Ra1+ 34.Kg2 Qf5 35.Qc2 Qxc2 36.Rxc2 Rb1
37.Rc4 Kf8 38.h5 b5 39.Rd4 Ke7 40.Kf3 Rh1 41.Rg4 Kf8 42.Rh4 Rd1 43.Ke3 Rd5
44.Rh1 Ke7 45.f3 Kf6 46.Rh4 Rd1 47.Rf4+ Ke7 48.Rg4 Kf8 49.Re4 Rd5 50.g4 e5
51.f4 exf4+ 52.Kxf4 g6 53.Re5 Rd4+ 54.Re4 Rd5 55.Re5 Rd4+  1/2-1/2

[Event "TCh-NOR Eliteserien 2012-13"]
[Site "Haraldsheim NOR"]
[Date "2013.04.07"]
[Round "9"]
[White "Smith,Ax"]
[Black "Urkedal,F"]
[Result "1/2-1/2"]
[WhiteElo "2484"]
[BlackElo "2469"]

1.d4 Nf6 2.c4 e6 3.g3 d5 4.Bg2 Be7 5.Nf3 O-O 6.O-O dxc4 7.Qa4 a6 8.Qxc4 b5
9.Qc2 Bb7 10.Bd2 Ra7 11.Rc1 Be4 12.Qb3 Nc6 13.e3 Qa8 14.Qd1 Nb4 15.Bxb4 Bxb4
16.a3 Bd6 17.Nbd2 Bd5 18.Qf1 Rc8 19.Ne1 c5 20.dxc5 Rxc5 21.Rxc5 Bxc5 22.Rc1 Rc7
23.Bxd5 Nxd5 24.Qe2 Qc8 25.Nb3 Be7 26.Rxc7 Qxc7 27.Qc2 Qxc2 28.Nxc2 Nb6 29.Nc1 Nc4
30.Nd3 Kf8 31.Ncb4 a5 32.Nc6 a4 33.Nd4 e5 34.Nxb5 e4 35.Nf4 Bf6 36.Nd5 Bxb2
37.Nbc3 Bxc3  1/2-1/2

[Event "Bundesliga 2012-13"]
[Site "Schwetzingen GER"]
[Date "2013.04.07"]
[Round "15"]
[White "Nielsen,PH"]
[Black "Gasthofer,A"]
[Result "1-0"]
[WhiteElo "2662"]
[BlackElo "2441"]

1.d4 d5 2.c4 e6 3.Nf3 Nf6 4.g3 Be7 5.Bg2 O-O 6.O-O c6 7.Qc2 Nbd7 8.Nbd2 b6
9.e4 Bb7 10.e5 Ne8 11.cxd5 cxd5 12.Re1 Qc7 13.Qd3 a5 14.Nf1 Ba6 15.Qd1 Rc8
16.Ne3 b5 17.Bf1 Qb7 18.Bd3 a4 19.Ng4 b4 20.Bb1 a3 21.b3 f5 22.exf6 Ndxf6
23.Nxf6+ Nxf6 24.Ng5 Rfe8 25.Bf4 h6 26.Nxe6 Ne4 27.Nxg7 Kxg7 28.Qg4+ Kf7
29.Qh5+ Ke6 30.f3 Bf6 31.fxe4 Bxd4+ 32.Kh1 Kd7 33.Qf5+ Kd8 34.Rd1 Bxa1 35.Rxd5+ Qxd5
36.Qxd5+ Ke7 37.Qd6+ Kf7 38.Qxa6  1-0

[Event "Bundesliga 2012-13"]
[Site "Schwetzingen GER"]
[Date "2013.04.07"]
[Round "15"]
[White "Adams,Mi"]
[Black "Buhmann,R"]
[Result "1-0"]
[WhiteElo "2720"]
[BlackElo "2584"]

1.c4 e6 2.g3 d5 3.Bg2 Nf6 4.Nf3 Be7 5.d4 O-O 6.O-O dxc4 7.Qa4 a6 8.Qxc4 b5
9.Qc2 Bb7 10.Bd2 Be4 11.Qc1 Bb7 12.Bf4 Bd6 13.Nc3 Nbd7 14.Rd1 Qe8 15.a3 Bxf4
16.Qxf4 c5 17.dxc5 Nxc5 18.Ne5 Bxg2 19.Kxg2 Nb3 20.Rab1 Qb8 21.Rd3 Qb7+ 22.f3 Nc5
23.Rd6 Rac8 24.Rbd1 a5 25.b4 Na4 26.Nxa4 bxa4 27.Nd7 Nxd7 28.Rxd7 Qb5 29.Qe4 axb4
30.Rb7 Qg5 31.h4 Qc5 32.Rxb4 Qc3 33.Rxa4 Qb2 34.Kf2 h5 35.Rb1 Qa2 36.Ra7 Rc4
37.Qd3 Rc2 38.Rb5 Rd2 39.Qe4 Rd1 40.Rxh5 g6 41.Rg5  1-0

[Event "15th Dubai Open 2013"]
[Site "Dubai UAE"]
[Date "2013.04.08"]
[Round "2.25"]
[White "Jumabayev,R"]
[Black "Pourkashiyan,A"]
[Result "1-0"]
[WhiteElo "2549"]
[BlackElo "2303"]

1.c4 e6 2.g3 Nf6 3.Bg2 d5 4.Nf3 Be7 5.d4 O-O 6.Qc2 c6 7.O-O b6 8.Nbd2 Bb7
9.Rd1 Nbd7 10.e4 Rc8 11.e5 Ne8 12.cxd5 cxd5 13.Qd3 Nc7 14.h4 Ba6 15.Qe3 b5
16.Nf1 Nb6 17.h5 Nc4 18.Qf4 b4 19.Qg4 f5 20.exf6 Bxf6 21.Re1 Bb5 22.Ne5 Qe8
23.Nd2 Nxe5 24.dxe5 Be7 25.Nb3 Bd3 26.Nd4 Bf5 27.Nxf5 Rxf5 28.h6 g6 29.Be3 Nb5
30.Bf1 Nc7 31.Bd3 Rh5 32.Rac1 Bf8 33.Bxa7 Bxh6 34.Rc2 Kh8 35.Qxb4 Na8 36.Rxc8 Qxc8
37.Qb8 Qxb8 38.Bxb8 Nb6 39.Kg2 Nc4 40.Bxc4 dxc4 41.g4 Rh4 42.Kg3 Bg5 43.f4 Be7
44.Bd6 Bd8 45.g5 Rh5 46.Bf8 Kg8 47.Bh6 Kf7 48.a4 Ke8 49.Rc1 Kd7 50.Rd1+ Ke8
51.Bg7 Ba5 52.Rc1 Kf7 53.Bf6 c3 54.bxc3 h6 55.gxh6 Rxh6 56.c4 Ke8 57.c5 Rh7
58.c6 Rc7 59.Kg4 Kf7 60.Bd8  1-0

[Event "ch-ISR 2013"]
[Site "Acre ISR"]
[Date "2013.04.12"]
[Round "7.4"]
[White "Avrukh,B"]
[Black "Golod,V"]
[Result "1-0"]
[WhiteElo "2572"]
[BlackElo "2573"]

1.d4 d5 2.c4 e6 3.Nf3 Nf6 4.g3 Be7 5.Bg2 O-O 6.Qc2 a6 7.Nbd2 Nbd7 8.O-O c5
9.cxd5 Nxd5 10.e4 Nb4 11.Qc3 cxd4 12.Nxd4 Ne5 13.a3 Nbc6 14.Nxc6 Nxc6 15.e5 Qd4
16.Nc4 Qxc3 17.bxc3 Rb8 18.Rb1 Bd7 19.Rd1 Rfd8 20.Be3 Be8 21.Bb6 Rxd1+ 22.Rxd1 f6
23.f4 fxe5 24.fxe5 Bd8 25.Bc5 Bc7 26.Bd6 Rc8 27.a4 Bb8 28.Bxb8 Rxb8 29.a5 Kf8
30.Rb1 Ke7 31.Kf2 Kd8 32.Be4 h6 33.Ke3 Kc7 34.g4 Rd8 35.Rf1 Kd7 36.Rb1 Rb8
37.Bxc6+ Kxc6 38.Nd6 Bd7 39.Rb6+ Kc7 40.Ne4 Bc6 41.Nc5 Re8 42.Rb4 Bd5 43.c4 Bc6
44.Rb2 Re7 45.h4 Kc8 46.Rd2 Rf7 47.Nxe6 Bd7 48.Rd6 Re7 49.Nc5 Bxg4 50.Kf4 Be2
51.Na4 Rf7+ 52.Ke3 Bg4 53.Nb6+ Kb8 54.Nd5 Rd7 55.Kf4 Bh3 56.c5 Be6 57.Nb4 Rf7+
58.Ke4 Bf5+ 59.Kd5 Bg4 60.e6 Rf5+ 61.Kd4 Rf4+ 62.Kc3 Re4 63.Nd5 b5 64.e7 b4+
65.Kb2 Bh5 66.c6 Re2+ 67.Kb3 Bf7 68.c7+ Kb7 69.Rb6+  1-0